000 00770cam a22002171 4500
001 e 23000079
003 DLC
005 20260227111214.0
008 760528s1923 xx 000 0 eng
010 _ae 23000079
035 _a(OCoLC)2200609
040 _aDLC
_cOTU
_dDLC
042 _apremarc
050 0 0 _aLA283
_b.G4
110 2 _aGeneral Education Board.
245 1 0 _aPublic education in Indiana.
_bReport of the Indiana education survey commission,
_cprepared under the direction of the commission by the General education board.
260 _aNew York,
_bGeneral education board,
_c1923.
300 _a 1 p. l., x, 304 p.
_bincl. tables, diagrs. front., plates.
_c20 cm.
650 0 _aEducation
_zIndiana.
710 1 _aIndiana.
_bEducation survey commission.
999 _c20598
_d20598